A signature does not make it legal (Record no. 81868)

MARC details
000 -LEADER
fixed length control field 01245cab a22002415a 4500
001 - CONTROL NUMBER
control field L148510
008 - FIXED-LENGTH DATA ELEMENTS--GENERAL INFORMATION
fixed length control field 090928e20090912xxk 000 0 eng d
035 ## - SYSTEM CONTROL NUMBER
System control number (Sirsi) u148510
041 0# - LANGUAGE CODE
Language code of text/sound track or separate title eng
100 1# - MAIN ENTRY--PERSONAL NAME
Personal name Molloy, Paddy
245 02 - TITLE STATEMENT
Title A signature does not make it legal
260 ## - PUBLICATION, DISTRIBUTION, ETC.
Date of publication, distribution, etc. 2009
490 ## - SERIES STATEMENT
Series statement Estates Gazette
Volume/sequential designation (0936) 12 September 2009, 90-92(3)
520 ## - SUMMARY, ETC.
Summary, etc. Leases for assured shorthold tenancies of three years or more must be made by deed in order to be legally valid. Standard tenancy agreements such as Oyez's Standard form of tenancy agreement for letting (2007) do not fulfil this requirements. Highlights relevant provisions of the Law of Property Act 1925 and Law of Property (Miscellaneous Provisions) Act 1989. Considers protection available to tenants with void leases such as statutory protection of the Housing Act 1988 for equitable lessees.
590 ## - LOCAL NOTE (RLIN)
Local note KA
650 24 - SUBJECT ADDED ENTRY--TOPICAL TERM
Topical term or geographic name entry element LAW OF PROPERTY ACT 1925
650 24 - SUBJECT ADDED ENTRY--TOPICAL TERM
Topical term or geographic name entry element LAW OF PROPERTY (MISCELLANEOUS PROVISIONS) ACT 1989
650 24 - SUBJECT ADDED ENTRY--TOPICAL TERM
Topical term or geographic name entry element WALSH V LONSDALE
650 24 - SUBJECT ADDED ENTRY--TOPICAL TERM
Topical term or geographic name entry element R V TOWER HAMLETS LBC EX PARTE VON GOETZ
651 #4 - SUBJECT ADDED ENTRY--GEOGRAPHIC NAME
Geographic name England and Wales
Chronological subdivision 1543-
690 ## - LOCAL SUBJECT ADDED ENTRY--TOPICAL TERM (OCLC, RLIN)
Topical term or geographic name as entry element PROPERTY-RESIDENTIAL PROPERTY-RESIDENTIAL LANDLORD AND TENANT-RESIDENTIAL TENANCIES
942 ## - ADDED ENTRY ELEMENTS (KOHA)
Suppress in OPAC 0
Holdings
Withdrawn status Lost status Source of classification or shelving scheme Damaged status Not for loan Home library Current library Shelving location Date acquired Total Checkouts Full call number Barcode Date last seen Copy number Price effective from Koha item type
    Dewey Decimal Classification     London London Journal article 28/09/2009   L148510 148510-1001 06/08/2019 1 06/08/2019 Journal article